[Event "Malmo Open"]
[Site "Malmo"]
[Date "2015.12.20"]
[Round "6.6"]
[White "Karlsson, Lars"]
[Black "Lind, Jan-Olov"]
[Result "1-0"]
[WhiteElo "2450"]
[BlackElo "2235"]

1.b3 b6 2.Bb2 Bb7 3.e3 e6 4.f4 Nf6 5.Nf3 Be7 6.g3 c5 7.Bg2 Qc7 8.Qe2 d6 9.
d3 Nbd7 10.Nbd2 O-O 11.c4 Rfe8 12.O-O Rad8 13.e4 e5 14.Bh3 exf4 15.gxf4 
Nh5 16.Nd4 cxd4 17.Bxd7 Rxd7 18.Qxh5 Bf6 19.Nf3 g6 20.Qh3 Rde7 21.Ng5 h5 
22.Qg3 Bg7 23.f5 Be5 24.Qg2 Kh8 25.f6 Rd7 26.Qf2 Kg8 27.Bxd4 Bxd4 28.Qxd4 
Qc5 29.Nf3 h4 30.Qf2 Re6 31.b4 Qxf2+ 32.Rxf2 Rxf6 33.Nxh4 Rxf2 34.Kxf2 b5 
35.cxb5 Rc7 36.Re1 Rc3 37.Ke3 Rc2 38.Re2 Rc1 39.Kd4 Kg7 40.Ng2 Kf6 41.Rf2+
Ke7 42.Ne3 Rb1 43.Kc3 Re1 44.Nc2 Rh1 45.a4 Bc8 46.Nd4 Bd7 47.Nc6+ Bxc6 48.
bxc6 Rc1+ 49.Rc2 Rb1 50.b5 Kd8 51.Kc4 Rg1 52.Rf2 Ke7 53.Kb4 Ra1 54.Ka5 Ra3
55.Kb4 Ra1 56.Rf3 Ra2 57.h3 Ra1 58.Ka5 Ra3 59.Rg3 Ra1 60.Re3 f6 61.h4 Ra3 
62.Rg3 Kf7 63.Kb4 Ra1 64.Kb3 Rb1+ 65.Kc2 1-0

[Event "Malmo Open"]
[Site "Malmo"]
[Date "2015.12.20"]
[Round "6.7"]
[White "Brynell, Stellan"]
[Black "Kjems Hove, Esben"]
[Result "1/2-1/2"]
[WhiteElo "2421"]
[BlackElo "2224"]

1.c4 c6 2.e4 d5 3.cxd5 cxd5 4.exd5 Qxd5 5.Nc3 Qd8 6.d4 e6 7.Nf3 Nf6 8.Bd3 
Be7 9.O-O a6 10.Re1 Nc6 11.a3 O-O 12.Bc2 b5 13.Qd3 Bb7 14.Bg5 g6 15.Rad1 
b4 16.Na4 Nd5 17.Bh6 Re8 18.Nc5 Bxc5 19.dxc5 Qf6 20.Ba4 Rec8 21.Bb3 Nce7 
22.Bg5 Qxb2 23.Rb1 Qg7 24.axb4 Rc7 25.Bd2 Qf6 26.Qd4 Qxd4 27.Nxd4 Rd7 28.
Nf3 Nc7 29.Bg5 Bxf3 30.gxf3 Nc6 31.Ba4 Nb5 32.Bf6 Kf8 33.Re3 Raa7 34.Kg2 
Ne7 35.Bxe7+ Kxe7 36.Rc1 Rd5 37.Ra1 Rb7 38.Bxb5 axb5 39.Ra6 Kd8 40.Rc3 Rd4
41.Ra8+ Ke7 42.Rb3 Rc4 43.Kf1 h5 44.Ra5 Kf6 45.Ke2 Ke5 46.Ke3 g5 47.Ra8 f6
48.Ra6 f5 49.Ra5 f4+ 50.Kd3 Rd7+ 51.Ke2 Rc2+ 52.Kf1 Rdd2 53.Rxb5 Rxf2+ 54.
Kg1 Rg2+ 55.Kh1 Rxh2+ 56.Kg1 Rhg2+ 57.Kh1 Rh2+ 58.Kg1 1/2-1/2

[Event "Malmo Open"]
[Site "Malmo"]
[Date "2015.12.20"]
[Round "6.8"]
[White "Boe-Olsen, Filip"]
[Black "Skytte, Rasmus"]
[Result "1/2-1/2"]
[WhiteElo "2207"]
[BlackElo "2400"]

1.d4 Nf6 2.Nf3 g6 3.Bf4 Bg7 4.e3 O-O 5.c3 d6 6.h3 Nbd7 7.Bc4 c5 8.O-O b6 
9.Nbd2 Bb7 10.Bh2 a6 11.a4 Ra7 12.Qe2 Qa8 13.Rfc1 Ne4 14.Nxe4 Bxe4 15.b4 
cxb4 1/2-1/2

[Event "Malmo Open"]
[Site "Malmo"]
[Date "2015.12.20"]
[Round "6.9"]
[White "Gronn, Atle"]
[Black "Schou-Moldt, Thomas"]
[Result "0-1"]
[WhiteElo "2333"]
[BlackElo "2210"]

1.Nf3 d5 2.d4 Nf6 3.c4 c6 4.Qc2 dxc4 5.Qxc4 Bg4 6.Nc3 Nbd7 7.Qd3 Bxf3 8.
Qxf3 e5 9.dxe5 Nxe5 10.Qe3 Qe7 11.f4 Ned7 12.g3 Qxe3 13.Bxe3 Bc5 14.Bd2 
O-O-O 15.Bh3 Rhe8 16.O-O-O Kc7 17.Rhe1 Bf2 18.Rf1 Bd4 19.Rde1 Nc5 20.Kc2 
Nce4 21.Nxe4 Nxe4 22.Bc1 Bb6 23.f5 f6 24.Bg2 Ba5 25.Rd1 Nd6 26.e3 Bb6 27.
Rd3 Nc4 28.e4 Rxd3 29.Kxd3 Ne5+ 30.Ke2 Kc8 31.Bf4 Nf7 32.Rd1 Bc7 33.Ke3 
Be5 34.b3 Rd8 35.Rxd8+ Kxd8 36.Bf1 b5 37.h4 Kd7 38.Be2 Kd6 39.Kd3 a6 40.a3
Nd8 41.Bd1 Nb7 42.b4 c5 43.bxc5+ Nxc5+ 44.Ke3 a5 45.Bc2 b4 46.axb4 axb4 
47.Kd2 b3 48.Bb1 Nd7 49.h5 Bxf4+ 50.gxf4 h6 51.Kc3 Kc5 52.Bd3 b2 53.Bb1 
Nb6 54.Kxb2 Kd4 55.Kb3 Nc4 56.Kb4 Nd2 57.e5 fxe5 58.fxe5 Kxe5 59.Bc2 Ne4 
60.Kc4 Ng3 61.Bd1 Kxf5 62.Kd5 Kg5 63.Ke5 Nxh5 64.Ke4 Nf6+ 65.Kf3 Nd5 66.
Bb3 Nf4 67.Kg3 h5 68.Ba4 Ne2+ 69.Kh2 Kf4 70.Be8 Ng3 71.Kh3 g5 0-1

[Event "Malmo Open"]
[Site "Malmo"]
[Date "2015.12.20"]
[Round "6.10"]
[White "Lindahl, Emil"]
[Black "Hecht, Hans-Joachim"]
[Result "1-0"]
[WhiteElo "2200"]
[BlackElo "2329"]

1.d4 e6 2.c4 Nf6 3.g3 Bb4+ 4.Nd2 d5 5.Bg2 O-O 6.Nf3 a5 7.O-O b6 8.Ne5 Bb7 
9.Qc2 Be7 10.b3 c5 11.Bb2 Nbd7 12.e3 Rc8 13.Rac1 cxd4 14.exd4 Qc7 15.Qb1 
Qb8 16.cxd5 Nxe5 17.dxe5 Nxd5 18.Qe4 b5 19.Rfd1 Bc6 20.Qg4 a4 21.Ne4 Rfd8 
22.Nf6+ Bxf6 23.exf6 g6 24.Qg5 Qd6 25.Bd4 Bb7 26.b4 Rxc1 27.Rxc1 Qxb4 28.
Bc5 Qb2 29.Be7 Re8 30.Bxd5 1-0

[Event "MSF Open"]
[Site "Malmo"]
[Date "2015.12.20"]
[Round "6.11"]
[White "Ben Hamida, Anis"]
[Black "Sukhayanudit, Apichai"]
[Result "0-1"]
[WhiteElo "1592"]
[BlackElo "1585"]

1.e4 e5 2.Nf3 d6 3.d4 Bg4 4.Be2 Nf6 5.dxe5 Bxf3 6.Bxf3 dxe5 7.Qxd8+ Kxd8 
8.Be3 Nbd7 9.Ke2 Bc5 10.Bd2 h6 11.Bc3 Ke7 12.Nd2 g5 13.g3 g4 14.Bg2 h5 15.
Nc4 Bd6 16.Ne3 Nb6 17.Nf5+ Kf8 18.Rad1 Ne8 19.h3 Rg8 20.hxg4 hxg4 21.Bd2 
Nf6 22.Bh6+ Ke8 23.Nxd6+ cxd6 24.Rxd6 Ke7 25.Rhd1 Nc4 26.Rxf6 Kxf6 27.b3 
Na5 28.Bc1 Rad8 29.Rd5 Nc6 30.c3 Rge8 31.Ke3 Ne7 32.Rxd8 Rxd8 33.f3 Rd1 
34.Bd2 gxf3 35.Bxf3 Ra1 36.a4 a6 37.Be2 Nc6 38.Bc4 Kg6 39.Kf3 Ne7 40.Be3 
Ra2 41.Bd3 Rb2 42.b4 Nc6 43.b5 axb5 44.axb5 Na5 45.Bc1 Ra2 46.Be3 Ra3 47.
Bd2 Nb3 48.Be1 Nc5 49.Bc4 Na4 50.Bd5 Nxc3 51.Bxc3 Rxc3+ 52.Kg4 b6 53.Bc6 
Rc4 54.Bd5 Rb4 55.Bc6 f5+ 56.Kf3 Rb3+ 57.Kf2 f4 58.gxf4 exf4 59.Bd7 Kf6 
60.Bc6 Ke5 61.Kg2 Rb2+ 62.Kf3 Rb3+ 63.Kf2 Kd4 64.Kg2 Re3 65.Kf2 Rxe4 66.
Kf3 Re7 67.Kxf4 Rf7+ 68.Kg4 Kc5 69.Be8 Rf1 70.Bd7 Rb1 71.Kf3 Rxb5 72.Bxb5 
Kxb5 73.Ke3 Kc4 74.Kd2 Kb3 75.Kc1 b5 76.Kd2 Kb2 0-1

[Event "MSF Open"]
[Site "Malmo"]
[Date "2015.12.20"]
[Round "6.12"]
[White "Fover, Bjorn"]
[Black "Jonsson, Filip"]
[Result "1/2-1/2"]
[WhiteElo "1591"]
[BlackElo "1384"]

1.d4 d5 2.c4 c6 3.Nc3 e6 4.Bf4 Nf6 5.e3 Be7 6.Nf3 O-O 7.Bd3 dxc4 8.Bxc4 b5
9.Bd3 Bb7 10.O-O a6 11.Ne4 Nxe4 12.Bxe4 Nd7 13.Rc1 Qb6 14.Ne5 Nxe5 15.Bxe5
f5 16.Bb1 c5 17.Qh5 cxd4 18.Bxd4 Qd8 19.Rfd1 Qe8 20.Qh3 Bf6 21.a3 Rc8 22.
Bxf6 Rxf6 1/2-1/2

[Event "Malmo Open"]
[Site "Malmo"]
[Date "2015.12.20"]
[Round "7.1"]
[White "Tikkanen, Hans"]
[Black "Akesson, Ralf"]
[Result "0-1"]
[WhiteElo "2515"]
[BlackElo "2421"]

1.e4 c6 2.Nc3 d5 3.Nf3 Bg4 4.h3 Bxf3 5.Qxf3 e6 6.Be2 Nd7 7.d4 dxe4 8.Nxe4 
Ngf6 9.O-O Nxe4 10.Qxe4 Nf6 11.Qd3 Be7 12.c4 O-O 13.Rd1 Qc7 14.Be3 Rfd8 
15.Bf3 Rd7 16.Qe2 Rad8 17.Rd2 Bb4 18.Rd3 e5 19.Rb3 exd4 20.Bxd4 Rxd4 21.
Rxb4 b6 22.Rb3 Rd2 23.Qe3 c5 24.a4 R2d4 25.Qc1 a5 26.Re3 Qf4 27.b3 Rd2 28.
Qf1 g6 29.Rae1 Rb2 30.Rd1 Rd4 31.Red3 Nd7 32.g3 Qf6 33.Bd5 Ne5 34.Rxd4 
cxd4 35.Rb1 Rc2 36.Rc1 d3 37.Rxc2 dxc2 38.Be4 Nf3+ 39.Kg2 Qe5 0-1

[Event "Malmo Open"]
[Site "Malmo"]
[Date "2015.12.20"]
[Round "7.3"]
[White "Stopa, Jacek"]
[Black "Lindahl, Emil"]
[Result "1-0"]
[WhiteElo "2460"]
[BlackElo "2200"]

1.d4 Nf6 2.c4 e6 3.Nf3 Bb4+ 4.Nbd2 b6 5.a3 Bxd2+ 6.Nxd2 Bb7 7.Qc2 d5 8.
cxd5 exd5 9.e3 O-O 10.Be2 Nbd7 11.b4 Re8 12.O-O Ne4 13.a4 a6 14.Bb2 Re6 
15.b5 a5 16.Ra3 Rc8 17.f3 Nxd2 18.Qxd2 c5 19.bxc6 Rexc6 20.Bd3 Qg5 21.Rc3 
Rxc3 22.Bxc3 Qe7 23.Bb2 Nb8 24.Re1 Ba6 25.Bf5 Re8 26.Bb1 Bc4 27.Qc2 g6 28.
e4 Nc6 29.e5 Nb4 30.Qd1 Na2 31.Re3 Nb4 32.f4 f5 33.g4 Qe6 34.gxf5 gxf5 35.
Qh5 Rf8 36.Rg3+ Kh8 37.Ba3 b5 38.Qg5 Rg8 39.Qxg8+ Qxg8 40.Rxg8+ Kxg8 41.
Bxb4 axb4 42.a5 b3 43.a6 1-0

[Event "Malmo Open"]
[Site "Malmo"]
[Date "2015.12.20"]
[Round "7.4"]
[White "Hedman, Erik"]
[Black "Karlsson, Lars"]
[Result "0-1"]
[WhiteElo "2344"]
[BlackElo "2450"]

1.d4 g6 2.c4 Bg7 3.Nc3 d6 4.e4 Nc6 5.Be3 e5 6.Nge2 f5 7.exf5 Bxf5 8.h3 Bd7
9.dxe5 dxe5 10.Qd2 Nge7 11.O-O-O Nf5 12.Bg5 Qxg5 13.Qxg5 Bh6 14.Qxh6 Nxh6 
15.g4 Rf8 16.Nd5 O-O-O 17.Nec3 Be6 18.Ne4 Bxd5 19.Rxd5 Rxd5 20.cxd5 Nd4 
21.Ng5 Ng8 22.Nxh7 Rxf2 23.Bd3 Ne7 24.h4 Nxd5 25.Bxg6 Nf4 26.Be4 Nfe2+ 27.
Kd1 Ng3 28.Re1 Rxb2 29.g5 Nge2 0-1

[Event "Malmo Open"]
[Site "Malmo"]
[Date "2015.12.20"]
[Round "7.5"]
[White "Schou-Moldt, Thomas"]
[Black "Semcesen, Daniel"]
[Result "1/2-1/2"]
[WhiteElo "2210"]
[BlackElo "2431"]

1.e4 d6 2.d4 Nf6 3.Nc3 e5 4.Nf3 Nbd7 5.Bc4 Be7 6.h3 O-O 7.O-O c6 8.a4 a5 
9.Re1 Nb6 10.Ba2 Nfd7 11.Be3 exd4 12.Bxd4 Nc5 13.Bxc5 dxc5 14.Qe2 Qd6 15.
e5 Qg6 16.e6 Bxe6 17.Bxe6 fxe6 18.Qxe6+ Qxe6 19.Rxe6 Bf6 20.Ne4 Bxb2 21.
Ra2 Bf6 22.Nxc5 Rf7 23.Ne4 Nd7 24.Nxf6+ Rxf6 25.Rxf6 gxf6 26.Nd4 Kf7 27.
Ra3 Nc5 28.Nb3 Ne6 29.Ra1 b6 30.Rd1 Ke7 31.Kf1 Rd8 32.Rxd8 Nxd8 33.Ke2 Kd6
34.f4 Nb7 35.c4 Nc5 36.Nxc5 Kxc5 37.Kd3 b5 38.cxb5 cxb5 39.axb5 Kxb5 40.g4
Kc5 41.g5 Kd5 42.h4 fxg5 43.fxg5 Ke5 44.h5 Kf5 45.g6 hxg6 46.hxg6 Kxg6 47.
Kc4 Kh7 48.Kb5 Kh8 49.Kxa5 1/2-1/2

[Event "Malmo Open"]
[Site "Malmo"]
[Date "2015.12.20"]
[Round "7.6"]
[White "Hector, Jonny"]
[Black "Fries-Nielsen, Jens Ove"]
[Result "1/2-1/2"]
[WhiteElo "2499"]
[BlackElo "2400"]

1.e4 d6 2.Nc3 Nf6 3.f4 Nc6 4.Nf3 Bg4 5.Bb5 Nd7 6.Bxc6 bxc6 7.h3 Bxf3 8.
Qxf3 e5 9.b3 Be7 10.Bb2 exf4 11.Qxf4 Bf6 12.O-O-O a5 13.h4 Be5 14.Qf5 c5 
15.h5 h6 16.Rdf1 O-O 17.g4 Nb6 18.Rhg1 f6 19.Rf3 a4 20.Rgf1 Qe7 21.d3 axb3
22.axb3 c6 23.Ne2 Bxb2+ 24.Kxb2 d5 25.Nf4 Rfe8 26.g5 Qa7 27.gxf6 Qa3+ 28.
Kc3 Qb4+ 29.Kb2 Qa3+ 1/2-1/2

[Event "Malmo Open"]
[Site "Malmo"]
[Date "2015.12.20"]
[Round "7.7"]
[White "Dragicevic, Drazen"]
[Black "Westerberg, Jonathan"]
[Result "0-1"]
[WhiteElo "2305"]
[BlackElo "2497"]

1.Nf3 d5 2.g3 Nf6 3.d4 g6 4.Bg2 Bg7 5.c4 e6 6.O-O O-O 7.Nc3 b6 8.Bf4 Bb7 
9.cxd5 exd5 10.Qc1 Na6 11.Bh6 c5 12.Rd1 Qe7 13.Nh4 Bxh6 14.Qxh6 Nc7 15.
dxc5 bxc5 16.Rd3 Rad8 17.Qg5 Rfe8 18.Nf5 Qe5 19.Bh3 Nd7 20.Nh6+ Kg7 21.Qh4
d4 22.Bxd7 Rxd7 23.Ng4 Qe7 24.Na4 Qxh4 25.gxh4 Na6 26.Rc1 h5 27.Ne3 Bc6 
28.Nxc5 Nxc5 29.Rxc5 dxe3 30.fxe3 Re6 31.Rxd7 Bxd7 32.Rc7 Bb5 33.Rxa7 Rxe3
34.a4 Bc6 35.b4 Ra3 36.Ra6 Bxa4 37.b5 Ra1+ 38.Kf2 Ra2 39.b6 Rxe2+ 40.Kg3 
Bc6 0-1

[Event "Malmo Open"]
[Site "Malmo"]
[Date "2015.12.20"]
[Round "7.8"]
[White "Salomon, Johan"]
[Black "Burwick, Malte"]
[Result "1-0"]
[WhiteElo "2438"]
[BlackElo "2239"]

1.c4 c5 2.Nf3 g6 3.d4 cxd4 4.Nxd4 Nf6 5.Nc3 Bg7 6.e4 d6 7.Be2 O-O 8.O-O 
Nc6 9.Be3 Bd7 10.Nc2 Qc8 11.f3 Ne8 12.Qd2 f5 13.exf5 gxf5 14.Rad1 Nf6 15.
c5 dxc5 16.Bxc5 Kh8 17.Nd4 Re8 18.Nxc6 Qxc6 19.Bf2 a6 20.Rfe1 e5 21.Kh1 
Qe6 22.Qd6 Bc6 23.Qxe6 Rxe6 24.Bc4 Ree8 25.Ne2 f4 26.Kg1 Bf8 27.Nc3 Bb4 
28.Bh4 Kg7 29.a3 Bc5+ 30.Bf2 Bxf2+ 31.Kxf2 Rac8 32.Bd3 Rcd8 33.Bb1 Rxd1 
34.Rxd1 Re7 35.Bf5 Kh6 36.Rd6 Kg5 37.Bb1 Ne8 38.Rd8 Nf6 39.Rf8 Nd7 40.Rg8+
Kh6 41.Rd8 Nf6 42.Rd6 Kg7 43.Bf5 Re8 44.b4 Kf7 45.a4 Ke7 46.Rd2 Rd8 47.Re2
Kd6 48.Rb2 Ke7 49.Re2 Kd6 50.g3 fxg3+ 51.hxg3 Rf8 52.g4 h6 53.Kg3 Nh5+ 54.
Kf2 Nf4 55.Rd2+ Ke7 56.b5 axb5 57.axb5 Be8 58.Nd5+ Nxd5 59.Rxd5 Kf6 60.
Rd6+ Kg5 61.Rd8 Rxf5 62.gxf5 Bxb5 63.Rd5 Bc6 64.Rxe5 Bd7 65.Re7 Bc6 66.Rf7
Bd5 67.Rf8 b5 68.Kg3 h5 69.f4+ Kh6 70.Rb8 Bc4 71.Kh4 Be2 72.Rb6+ Kg7 73.
Kg5 1-0

[Event "Malmo Open"]
[Site "Malmo"]
[Date "2015.12.20"]
[Round "7.9"]
[White "Manosri Jacobsen, Mikkel"]
[Black "Brynell, Stellan"]
[Result "1/2-1/2"]
[WhiteElo "2203"]
[BlackElo "2421"]

1.d4 d5 2.Nc3 Nf6 3.Bg5 e6 4.Nf3 c5 5.e4 dxe4 6.Nxe4 cxd4 7.Bxf6 gxf6 8.
Qxd4 Qxd4 9.Nxd4 f5 10.Nd2 Bd7 11.Be2 Bc6 12.Nxc6 Nxc6 13.O-O 1/2-1/2

[Event "Malmo Open"]
[Site "Malmo"]
[Date "2015.12.20"]
[Round "7.10"]
[White "Kjems Hove, Esben"]
[Black "Lindgren, Philip"]
[Result "1/2-1/2"]
[WhiteElo "2224"]
[BlackElo "2418"]

1.d4 d5 2.Nf3 Nf6 3.Bf4 c5 4.e3 cxd4 5.exd4 Nc6 6.c3 a6 7.Bd3 Bg4 8.Nbd2 
e6 9.O-O Be7 10.Qb1 Bh5 11.Re1 Bg6 12.Bxg6 hxg6 13.h3 Nd7 14.Qd3 O-O 15.
Qe3 Re8 16.Ng5 Bf6 17.Qg3 Nf8 18.Ndf3 b5 19.a3 a5 20.Bd6 Be7 21.Bxe7 Rxe7 
22.h4 b4 23.axb4 axb4 24.Rxa8 Qxa8 25.Qd6 Rd7 26.Qc5 bxc3 27.bxc3 Rc7 28.
c4 Qc8 29.cxd5 Ne7 30.Qa5 Nxd5 31.Ne4 Rc1 32.Nc5 1/2-1/2

[Event "MSF Open"]
[Site "Malmo"]
[Date "2015.12.20"]
[Round "7.11"]
[White "Sukhayanudit, Apichai"]
[Black "Nilsson, Joel"]
[Result "0-1"]
[WhiteElo "1585"]
[BlackElo "1500"]

1.d4 Nf6 2.b3 d5 3.Bb2 Bf5 4.e3 e6 5.a3 c5 6.Bd3 Bxd3 7.cxd3 cxd4 8.Bxd4 
Nc6 9.Bc3 Bd6 10.Ne2 O-O 11.Nf4 Bxf4 12.exf4 Rc8 13.Be5 d4 14.Bxf6 Qxf6 
15.Qf3 Ne5 16.fxe5 Qxf3 17.gxf3 Rc1+ 18.Kd2 Rxh1 19.Kc2 Rc8+ 20.Kb2 Rcc1 
21.a4 b6 22.b4 Rcf1 23.b5 Rxf2+ 24.Kb3 Rff1 25.Ra2 Rxb1+ 26.Kc4 Ra1 27.Rc2
Rhc1 28.Rxc1 Rxc1+ 29.Kxd4 Ra1 30.Kc3 Rxa4 0-1

[Event "MSF Open"]
[Site "Malmo"]
[Date "2015.12.20"]
[Round "7.12"]
[White "Ahlquist, Victor"]
[Black "Ben Hamida, Anis"]
[Result "0-1"]
[WhiteElo "1093"]
[BlackElo "1592"]

1.e4 e5 2.Nf3 Nc6 3.Bb5 a6 4.Ba4 Nf6 5.O-O Be7 6.Re1 b5 7.Bb3 O-O 8.c3 d5 
9.exd5 Nxd5 10.Nxe5 Nxe5 11.Rxe5 Nf6 12.d4 Bd6 13.Re1 Ng4 14.h3 Qh4 15.Qf3
Nxf2 16.Rf1 Nxh3+ 17.gxh3 Bxh3 18.Rf2 Bh2+ 19.Kh1 Bg4 20.Qxf7+ Rxf7 21.
Bxf7+ Kh8 22.Rxh2 Bf3+ 0-1